[Event "Ports Lge"]
[Site "?"]
[Date "2000.??.??"]
[Round "?"]
[White "Cordner, David A"]
[Black "Brameld, Arthur F"]
[Result "1/2-1/2"]
[WhiteElo "2008"]
[BlackElo "2100"]
[PlyCount "34"]

1. e4 Nc6 2. Nf3 d6 3. d4 Nf6 4. Nc3 Bg4 5. Be2 e6 6. Be3 Be7 7. O-O d5 8. exd5 exd5 9. Re1 O-O 10. Ne5 Bxe2 11. Qxe2 Bd6 12. Nxc6 bxc6 13. Bg5 h6 14. Bh4 g5 15. Bg3 Bxg3 16. hxg3 Re8 17. Qf3 Kg7 1/2-1/2

[Event "Troll Masters"]
[Site "Gausdal NOR"]
[Date "2001.??.??"]
[Round "1"]
[White "Brameld, Arthur F"]
[Black "Martinsen, Stig K"]
[Result "1/2-1/2"]
[WhiteElo "2095"]
[BlackElo "1888"]
[PlyCount "42"]
[EventDate "2001.??.??"]

1. e4 Nc6 2. Nf3 d6 3. Nc3 Nf6 4. h3 e5 5. d4 exd4 6. Nxd4 Nxe4 7. Nxc6 Nxc3 8. Qf3 Qf6 9. Qxf6 gxf6 10. Nb4 Ne4 11. Nd5 Kd8 12. Bd3 Nc5 13. Nxf6 Be7 14. Nd5 Nxd3+ 15. cxd3 Rg8 16. Nxe7 Kxe7 17. g3 Be6 18. Bf4 Bd5 19. Rg1 Kd7 20. Kd2 Rae8 21. Rge1 Re6 1/2-1/2

[Event "Troll Masters"]
[Site "Gausdal NOR"]
[Date "2001.??.??"]
[Round "3"]
[White "Trygstad, Kristian D"]
[Black "Brameld, Arthur F"]
[Result "1-0"]
[WhiteElo "2299"]
[BlackElo "2095"]
[PlyCount "117"]
[EventDate "2001.??.??"]

1. e4 Nc6 2. Nc3 Nf6 3. d4 d6 4. Nf3 Bg4 5. Bb5 a6 6. Bxc6+ bxc6 7. h3 Bh5 8. Qe2 Qb8 9. O-O e6 10. e5 Nd7 11. g4 Bg6 12. Nh4 Be7 13. Nxg6 hxg6 14. Kg2 Qb7 15. f3 d5 16. a3 a5 {(=)} 17. Bd2 c5 18. dxc5 Bxc5 19. b4 axb4 20. axb4 Rxa1 21. Rxa1 Bd4 22. Qa6 Qxa6 23. Rxa6 Ke7 24. f4 Bxc3 25. Bxc3 Rb8 26. Ra7 Kd8 27. h4 Rb6 28. Be1 Nb8 29. c3 Ra6 30. Rxa6 Nxa6 31. Bf2 Nb8 32. Kf3 Nd7 33. Bd4 c5 $2 34. Bxc5 Kc7 35. Be7 Kc6 36. Ke3 Kb5 37. Kd4 Kc6 38. Bd6 Kb5 39. f5 gxf5 40. gxf5 exf5 41. Kxd5 Nb6+ 42. Kd4 g6 43. Be7 Nc4 44. Bg5 Nb6 45. Be3 Nc4 46. Bf2 Nb6 47. Bg1 Nc4 48. Kd5 Nd2 49. Kd6 Nc4+ 50. Ke7 Nxe5 51. Kf6 Nf3 52. Bf2 Kc4 53. Kxf7 Ne5+ 54. Kg7 f4 55. Bd4 Nc6 56. Bg1 Ne5 57. Kf6 Kd5 58. b5 f3 59. b6 1-0

[Event "Troll Masters"]
[Site "Gausdal NOR"]
[Date "2001.??.??"]
[Round "4"]
[White "Brameld, Arthur F"]
[Black "Johansen, Terje"]
[Result "0-1"]
[WhiteElo "2095"]
[BlackElo "2207"]
[PlyCount "60"]
[EventDate "2001.??.??"]

1. e4 c6 2. d4 d5 3. f3 dxe4 4. fxe4 e5 5. Nf3 Bg4 6. Bc4 Nd7 7. c3 b5 8. Bb3 Ngf6 9. O-O Bd6 10. Be3 O-O 11. Nbd2 Qe7 12. Qe1 exd4 13. Nxd4 Nh5 14. Nf5 Bxf5 15. Rxf5 g6 16. Bg5 Ndf6 17. Rxf6 Nxf6 18. Qh4 Be5 19. Nf3 Qc5+ 20. Kh1 Nh5 21. Be7 Bd6 22. Bxf8 Rxf8 23. g4 $6 Be7 24. Qh3 Nf4 25. Qg3 Nd3 26. Rf1 Qe3 27. e5 Bc5 28. Nd4 Qe4+ 29. Nf3 Qe2 30. Qg2 Nf2+ 0-1

[Event "Troll Masters"]
[Site "Gausdal NOR"]
[Date "2001.??.??"]
[Round "5"]
[White "Grubert, Christian"]
[Black "Brameld, Arthur F"]
[Result "1/2-1/2"]
[WhiteElo "2170"]
[BlackElo "2095"]
[PlyCount "74"]
[EventDate "2001.??.??"]

1. e4 Nf6 2. Nc3 d5 3. exd5 Nxd5 4. Bc4 e6 5. Qf3 Nb6 6. Bb3 c5 7. d3 Nc6 8. Nge2 Bd6 9. Bf4 Bxf4 10. Qxf4 O-O 11. Ne4 Nd7 12. h4 Nd4 13. Nxd4 cxd4 14. Ng5 Qa5+ 15. Kf1 Qe5 16. Qxe5 Nxe5 17. Re1 Nc6 18. h5 e5 19. h6 gxh6 20. Nf3 Re8 21. Re4 Bf5 22. Reh4 Na5 23. Ba4 b5 24. Bb3 Nxb3 25. axb3 Rac8 26. Ne1 Bg6 $6 27. Ke2 h5 28. Kd2 Rc6 29. Nf3 f6 30. Ra1 Rec8 31. Ne1 R8c7 32. f4 Kg7 33. Rc1 Bf7 34. b4 Ra6 35. Nf3 Re7 36. Re1 Rae6 37. fxe5 fxe5 1/2-1/2

[Event "Troll Masters"]
[Site "Gausdal NOR"]
[Date "2001.??.??"]
[Round "6"]
[White "Brameld, Arthur F"]
[Black "Moen, Andreas R"]
[Result "0-1"]
[WhiteElo "2095"]
[BlackElo "2227"]
[PlyCount "86"]
[EventDate "2001.??.??"]

1. Nc3 Nf6 2. f4 d5 3. e3 c5 4. Bb5+ Bd7 5. Qe2 d4 6. Nd1 dxe3 7. Nxe3 Nc6 8. Nf3 Nd4 9. Nxd4 cxd4 10. Nf5 Qb6 11. Bxd7+ Nxd7 12. c3 Qf6 13. Nxd4 Qxf4 14. Nf3 e6 15. d4 Qg4 16. O-O Bd6 17. Qb5 O-O-O 18. Qg5 (18. Ng5 Qh5 19. Bf4 Bxf4 20. Rxf4) 18... Qe4 19. Re1 Qg6 20. Bd2 Qxg5 21. Nxg5 {(=)} Rhf8 22. Ne4 Bc7 23. Re2 e5 24. dxe5 Nxe5 25. Rf1 Nd3 26. Be3 $2 (26. b3) 26... f5 27. Nf2 Rfe8 28. Bg5 Rxe2 29. Bxd8 Bxh2+ 30. Kxh2 Nxf2 31. Bh4 Ng4+ 32. Kg3 g6 33. Rd1 $2 Rxg2+ 34. Kf3 Rxb2 35. Rd8+ Kc7 36. Rh8 Rxa2 37. Rxh7+ Kb6 38. Re7 a5 39. Re6+ Kb5 40. Bg3 Rc2 41. Rxg6 Rxc3+ 42. Kf4 Rc5 43. Bh4 Rc4+ 0-1

[Event "Troll Masters"]
[Site "Gausdal NOR"]
[Date "2001.??.??"]
[Round "9"]
[White "Brameld, Arthur F"]
[Black "Pedersen, Oyvind"]
[Result "1/2-1/2"]
[WhiteElo "2095"]
[BlackElo "2066"]
[PlyCount "23"]
[EventDate "2001.??.??"]

1. e4 c5 2. Nf3 d6 3. d4 cxd4 4. Qxd4 Bd7 5. c4 Nc6 6. Qd2 Nf6 7. Nc3 g6 8. b3 Bg7 9. Bb2 O-O 10. Be2 Qa5 11. Rb1 Rac8 12. a3 1/2-1/2

[Event "Soton Lge"]
[Site "?"]
[Date "2001.??.??"]
[Round "?"]
[White "Otway, Brian"]
[Black "Brameld, Arthur F"]
[Result "1-0"]
[WhiteElo "1888"]
[BlackElo "2095"]
[PlyCount "87"]
[EventDate "2001.??.??"]

1. e4 Nc6 2. Nf3 d6 3. d4 Nf6 4. Nc3 Bg4 5. Be3 e6 6. Be2 Be7 7. h3 Bh5 8. O-O O-O 9. Nd2 Bxe2 10. Qxe2 d5 11. Rad1 Nb4 12. exd5 Nfxd5 13. Nxd5 Nxd5 14. c4 Nxe3 15. Qxe3 Bf6 16. Ne4 Qe7 17. Qf3 b6 18. Nxf6+ Qxf6 19. Qxf6 gxf6 20. f4 Rfd8 21. Kf2 Rd7 22. Rd3 Rad8 23. Rfd1 c6 24. Ke3 f5 25. b4 Kf8 26. a4 a6 27. g4 fxg4 28. hxg4 Ke7 29. Ke4 Rb8 30. Rh1 b5 31. axb5 axb5 32. c5 Rh8 33. Rdh3 Rhd8 34. Rd1 Rh8 35. Rh5 Rd5 36. Rxd5 exd5+ 37. Kf5 Ra8 38. Rh1 Ra4 39. Rxh7 Rxb4 40. g5 Ke8 41. Ke5 Rc4 42. f5 Kf8 43. Kf6 Kg8 44. Rg7+ {Sealed move.} 1-0

[Event "Ports Lge"]
[Site "?"]
[Date "2001.??.??"]
[Round "?"]
[White "Brameld, Arthur F"]
[Black "Wheeler, John F"]
[Result "1/2-1/2"]
[WhiteElo "2095"]
[BlackElo "2016"]
[PlyCount "33"]

1. e4 c6 2. d4 d5 3. f3 e6 4. Be3 Nd7 5. Nc3 Bb4 6. Bd3 Ne7 7. Nge2 c5 8. dxc5 Nxc5 9. Bb5+ Bd7 10. Bxd7+ Qxd7 11. a3 Bxc3+ 12. Nxc3 Na4 13. Nxa4 Qxa4 14. b3 Qc6 15. Qd4 f6 16. exd5 Nxd5 17. c4 1/2-1/2

[Event "Ports Lge"]
[Site "?"]
[Date "2001.??.??"]
[Round "?"]
[White "Pye, David E"]
[Black "Brameld, Arthur F"]
[Result "1/2-1/2"]
[WhiteElo "2120"]
[BlackElo "2095"]
[PlyCount "165"]
[EventDate "2001.??.??"]

1. d4 e6 2. Nc3 d5 3. e4 dxe4 (3... f5 $5 4. exf5 exf5 5. Qe2+ $14) 4. Nxe4 Bd7 5. Nf3 Bc6 6. Bd3 Nd7 7. O-O Ngf6 8. Nxf6+ Qxf6 9. Be2 h6 10. Be3 g5 11. d5 Bxd5 12. Bd4 e5 13. Bxe5 Nxe5 14. Qxd5 Nxf3+ 15. Bxf3 c6 16. Rfe1+ Be7 17. Qe5 Kf8 18. Qc7 Rd8 19. Qxb7 Rd2 20. Re2 Rxe2 21. Bxe2 Bc5 22. Rf1 Kg7 23. Bf3 Bb6 24. c3 c5 25. Bd5 Re8 26. Bc4 Re7 27. Qd5 Re5 28. Qd7 Re7 29. Qd2 Bc7 30. g3 Qe5 31. Rd1 {(SM)} Qe4 32. Qd5 Bb6 33. Qxe4 Rxe4 34. Bd3 Re5 35. Bc4 Re4 36. b3 Re5 37. Rd7 Rf5 38. Rd3 Kf6 39. Re3 h5 40. Kf1 g4 41. Ke2 Bc7 42. Bd3 Re5 43. Be4 Bb6 44. f4 Re7 45. c4 Ba5 46. Kd3 Bb4 47. Re2 Re8 48. a3 Bxa3 49. Ra2 Bb4 50. Ra6+ Re6 51. Rxa7 Re7 52. Ra8 Kg7 53. Rd8 Re6 54. Rd5 Rh6 55. Rg5+ Kf8 56. Bd5 Be1 57. Re5 Bf2 58. Re2 Bg1 59. Rg2 {(SM)} Bd4 60. b4 f5 61. Ra2 h4 62. b5 hxg3 63. hxg3 Rh3 64. b6 Rxg3+ 65. Kc2 Rc3+ 66. Kd2 Rh3 67. b7 Be3+ 68. Ke2 Bxf4 69. Ra8+ Ke7 70. b8=Q Rh2+ 71. Kf1 Bxb8 72. Rxb8 Kd6 73. Re8 g3 74. Re6+ Kd7 75. Rc6 Rf2+ 76. Kg1 f4 77. Rf6 Kc7 78. Bg2 Kd7 79. Rf5 Kd6 80. Bd5 Ke7 81. Bg2 Kd6 82. Rd5+ Ke7 83. Rd3 {(SM)} 1/2-1/2

[Event "Ports Lge"]
[Site "?"]
[Date "2001.??.??"]
[Round "?"]
[White "Purkiss, William"]
[Black "Brameld, Arthur F"]
[Result "1/2-1/2"]
[WhiteElo "2016"]
[BlackElo "2076"]
[PlyCount "104"]
[EventDate "2001.??.??"]

1. e4 Nf6 2. e5 Nd5 3. d4 d6 4. Nf3 dxe5 5. Nxe5 c6 6. Qf3 Be6 7. Bd3 Nd7 8. O-O Nxe5 9. dxe5 g6 10. b3 Nb4 11. Be4 Bg7 12. Bb2 O-O 13. a3 Na6 14. Qe3 Qc7 15. Bd3 Rfd8 16. Re1 Qb6 17. Nc3 Qxe3 18. Rxe3 Nc5 19. Bf1 Bf5 20. b4 Ne6 21. Ne4 Bh6 22. Ree1 Nd4 (22... a5) 23. Bd3 Bf4 (23... a5) 24. Nc5 Bxd3 25. Nxd3 Bh6 26. Bxd4 Rxd4 27. e6 f6 28. Re2 a5 29. Rb1 axb4 30. axb4 Ra2 31. Kf1 {(=)} Rc4 {Sealed move.} 32. b5 c5 33. b6 Ra5 34. g3 Rd4 35. f4 c4 (35... Bg7 $142) 36. Ne1 Rd6 37. Rb4 Rc5 38. Nf3 Rcc6 39. Nd2 Rxb6 {(=)} 40. Rxb6 Rxb6 41. Nxc4 Ra6 42. Nd2 Bg7 43. Nb3 Rc6 44. Nd4 Rc5 45. Nb3 Rc6 46. Ke1 f5 47. Kd2 Rd6+ 48. Kc1 b6 49. Nd2 Bc3 50. Nf3 h6 51. Re3 Rc6 52. h4 {(=)} Kg7 1/2-1/2

[Event "Ward Higgs Trophy - Board 2"]
[Site "BCF corr."]
[Date "2001.??.??"]
[Round "?"]
[White "Brameld, Arthur F"]
[Black "Waters, Clive L"]
[Result "1-0"]
[WhiteElo "2076"]
[BlackElo "2147"]
[PlyCount "49"]
[EventDate "2001.??.??"]

1. d4 d5 2. Nf3 Nf6 3. e3 c5 4. dxc5 e6 5. b4 a5 6. c3 b6 7. cxb6 axb4 8. Qd4 b3 9. a4 Ra5 10. Bb5+ Bd7 11. c4 dxc4 12. Bd2 Rxb5 13. axb5 Bxb5 14. Qxd8+ Kxd8 15. Ne5 Ke8 16. Ra7 Rg8 17. Nc3 Ba6 18. O-O Nd5 19. Nd7 Nxd7 20. Nxd5 exd5 21. Rxa6 f5 22. b7 Kf7 23. Rc6 Ba3 24. Rc8 Rf8 25. Bc3 1-0

[Event "Ports Lge"]
[Site "?"]
[Date "2001.??.??"]
[Round "?"]
[White "Brameld, Arthur F"]
[Black "Pye, David E"]
[Result "1/2-1/2"]
[WhiteElo "2076"]
[BlackElo "2120"]
[PlyCount "58"]
[EventDate "2001.??.??"]

1. d4 e6 2. Nf3 f5 3. d5 Nf6 4. dxe6 (4. c4 Bb4+ 5. Bd2 Qe7 6. Nc3 O-O 7. g3 c6 8. dxe6 dxe6 9. Bg2 Rd8 10. Qc2 e5 11. a3 Bd6 12. e4 fxe4 13. Ng5 Bf5 14. Ngxe4 Bc7 15. Bg5 Qc5 $6 16. Bxf6 $18) 4... d5 5. g3 (5. Qd3 $5 Ne4 (5... Qd6 6. Qxf5 Bxe6 7. Qd3 Nc6 $14) (5... Nc6 6. Qxf5 Qe7 7. Bg5 Bxe6 8. Qf4 Qb4+ 9. Qxb4 Bxb4+ 10. c3 $16) 6. Nd4 Nc6 7. Nxf5 Bxe6 8. Ng3 Nb4 9. Qd1 Bc5 10. e3 (10. Nxe4 $5 dxe4 11. Qxd8+ Rxd8 12. Na3 Nxa2 $17) 10... O-O 11. Nxe4 dxe4 12. Nd2 $132) 5... Bxe6 6. Bg2 g6 7. c3 c6 8. O-O Bg7 9. Bf4 Nbd7 10. Nbd2 Nc5 11. Be5 O-O 12. Nb3 Ncd7 13. Bf4 Re8 14. Ng5 h6 15. Nxe6 Rxe6 16. Nd4 Re8 17. h4 Nh5 18. Qd2 Nxf4 19. Qxf4 Bxd4 20. cxd4 h5 21. Qd6 Nf6 22. Qxd8 Raxd8 23. e3 {(=)} Re7 24. Rfc1 Kg7 25. Kf1 Kh6 26. Ke2 Ne4 27. Bxe4 fxe4 28. Rc2 Rf8 29. Rh1 Kg7 1/2-1/2

[Event "Ports Lge"]
[Site "?"]
[Date "2001.??.??"]
[Round "?"]
[White "Wheeler, John F"]
[Black "Brameld, Arthur F"]
[Result "1-0"]
[WhiteElo "2206"]
[BlackElo "2076"]
[PlyCount "109"]
[EventDate "2001.??.??"]

1. d4 d5 2. c4 e6 3. Nc3 c5 4. cxd5 cxd4 5. Qxd4 Nc6 6. Qd1 exd5 7. Nxd5 Bf5 {Better are both 7....Be6 and 7....Nf6 - both score 67 thru 69% for Black} 8. Nf3 Qa5+ 9. Nc3 (9. Qd2 Bb4 10. Nxb4 Nxb4 11. Nd4 Rd8 12. e3 Nc2+ (12... Nf6 $2 {Wheeler v Brameld}) 13. Kd1 Qxd2+ 14. Bxd2 Rxd4 15. exd4 Nxa1 16. Bb5+ Kd8 17. Ba4 b5 $17) 9... Nb4 10. e4 Rd8 $6 (10... Bxe4 $142 11. Bb5+ Bc6 $132) 11. Bd2 Be6 12. Bb5+ Bd7 13. Bxd7+ Rxd7 14. O-O Nf6 15. a3 Nd3 16. Qc2 Qc7 17. Qb3 Nc5 18. Qc4 Nd3 19. Qxc7 Rxc7 20. Bg5 Be7 21. e5 Ng4 22. Nd5 Rd7 23. Nxe7 h6 24. Bh4 g5 25. Nf5 gxh4 26. h3 Ngxf2 27. Rxf2 Nxf2 28. Kxf2 O-O 29. Nxh6+ Kh7 30. Ng4 Rc7 31. Re1 {Sealed move.} Rc2+ 32. Re2 Rfc8 33. Ne3 Rxe2+ 34. Kxe2 Kg6 35. Nxh4+ Kg5 36. g3 Rc1 37. Nf3+ Kg6 38. g4 b5 39. h4 a5 40. Kd2 Rh1 41. h5+ Kh7 42. Nd4 Rh2+ 43. Kc3 b4+ 44. axb4 axb4+ 45. Kxb4 Rxb2+ 46. Kc3 Rf2 47. Kd3 Rf4 48. Ndf5 Ra4 49. Nd6 Rf4 50. Nd5 Rf1 51. Ke4 Kh6 52. Nxf7+ Rxf7 53. e6 Rg7 54. Kf4 Rg8 55. Nf6 1-0

[Event "Ports Lge"]
[Site "?"]
[Date "2002.??.??"]
[Round "?"]
[White "Brameld, Arthur F"]
[Black "Purkiss, William"]
[Result "0-1"]
[WhiteElo "2076"]
[BlackElo "2016"]
[PlyCount "36"]
[EventDate "2002.??.??"]

1. e4 e5 2. f4 exf4 3. Nf3 d5 4. exd5 Nf6 5. Bc4 Nxd5 6. O-O Nc6 7. d4 Be7 8. Nc3 Nxc3 9. bxc3 g5 10. Nxg5 $2 (10. h4 $142 h6 11. Qe2) 10... Bxg5 11. Bxf7+ Kxf7 12. Qh5+ Kg7 13. Bxf4 (13. Rxf4 $5) 13... Bxf4 14. Rxf4 Rf8 15. Rh4 Bf5 16. Re1 Bg6 17. Qh6+ Kg8 18. Re6 Rf6 0-1

[Event "Jersey Open 2003"]
[Site "Jersey JCI"]
[Date "2003.02.16"]
[Round "1"]
[White "Brameld, Arthur F"]
[Black "Ward, Christopher"]
[Result "1/2-1/2"]
[WhiteElo "2076"]
[BlackElo "2513"]
[PlyCount "53"]
[EventDate "2003.02.16"]

1. Nc3 d5 2. e4 dxe4 3. Nxe4 Bf5 4. Ng3 Bg6 5. h4 h6 6. h5 Bh7 7. Bc4 e6 8. Nf3 Bd6 9. d3 Nf6 10. Qe2 Bxg3 11. fxg3 Nc6 12. Bd2 Qd6 13. Bf4 Qb4+ 14. c3 Qe7 15. Ne5 (15. Bb5 $14) 15... Nxe5 16. Bxe5 O-O-O 17. Qf3 Rhg8 18. Rf1 Bf5 19. a4 Ng4 20. Qe2 Nxe5 21. Qxe5 Bxd3 22. Rxf7 $16 Qd6 23. Bxe6+ (23. Qxe6+ Qxe6+ 24. Bxe6+ Kb8 25. O-O-O $16) 23... Kb8 24. Qxd6 Rxd6 25. Re7 Rgd8 26. O-O-O a5 27. g4 $16 1/2-1/2

[Event "Jersey Open 2003"]
[Site "Jersey JCI"]
[Date "2003.02.17"]
[Round "2"]
[White "Ashby, Anthony C"]
[Black "Brameld, Arthur F"]
[Result "1/2-1/2"]
[WhiteElo "2265"]
[BlackElo "2076"]
[PlyCount "63"]
[EventDate "2003.02.16"]

1. f4 g6 2. Nf3 Bg7 3. e4 c5 4. Nc3 a6 5. g3 Nc6 6. Bg2 d6 7. O-O Nd4 8. h3 h5 9. d3 Nh6 10. Ne2 Nxf3+ 11. Rxf3 Bd7 12. c3 Qc8 13. Qf1 Bc6 14. Rf2 f5 15. Bd2 O-O 16. Re1 Qd7 17. Nc1 Rae8 18. Be3 b6 19. Qe2 Qb7 20. Qc2 Kh7 {(=)} 21. Nb3 d5 22. exd5 Bxd5 23. Bf1 e5 24. Qc1 Nf7 25. Nd2 Re7 26. fxe5 Bxe5 27. Bf4 Rfe8 28. Rfe2 g5 29. Bxe5 Nxe5 30. d4 Nf3+ 31. Nxf3 Bxf3 32. Re5 1/2-1/2

[Event "Jersey Open 2003"]
[Site "Jersey JCI"]
[Date "2003.02.18"]
[Round "3"]
[White "Brameld, Arthur F"]
[Black "Heath, Jeffrey"]
[Result "1-0"]
[WhiteElo "2076"]
[BlackElo "1688"]
[PlyCount "115"]
[EventDate "2003.02.16"]

1. Nc3 d5 2. e4 dxe4 3. Nxe4 Nf6 4. Nxf6+ exf6 5. Bc4 Be6 6. Bxe6 fxe6 7. Qh5+ Ke7 8. Ne2 Qd5 9. Qh3 Kf7 10. O-O Nd7 11. d3 Bd6 12. Bf4 Bxf4 13. Nxf4 Qd6 14. Rfe1 e5 15. Nh5 Rae8 16. Ng3 g6 17. Ne4 Qc6 18. c3 Nc5 19. Rad1 Rd8 20. Qf3 Nxe4 21. Rxe4 Rhe8 22. Rc4 Qxf3 23. Rxc7+ Re7 24. Rxe7+ Kxe7 25. gxf3 Ke6 26. Kf1 Kf5 27. Ke2 Kf4 28. d4 Rd5 29. Rd3 h5 30. dxe5 Rxe5+ 31. Re3 Rb5 32. Re4+ Kf5 33. b4 a5 34. a4 Rd5 35. Re7 b5 36. axb5 axb4 37. cxb4 Rxb5 38. Re4 Rd5 39. h3 g5 40. Rc4 Re5+ 41. Kd2 Re6 42. b5 Rb6 43. Rb4 Ke5 44. Kc3 Kd5 45. f4 Kc5 46. fxg5 fxg5 47. Rc4+ Kxb5 48. Rb4+ Kc5 49. Rxb6 Kxb6 50. Kd4 g4 51. hxg4 hxg4 52. Ke4 Kc6 53. Kf4 Kd6 54. Kxg4 Ke6 55. Kg5 Kf7 56. Kf5 Ke7 57. Kg6 Ke8 58. Kf6 1-0

[Event "Jersey Open 2003"]
[Site "Jersey JCI"]
[Date "2003.02.19"]
[Round "4"]
[White "Corkett, Anthony R"]
[Black "Brameld, Arthur F"]
[Result "1-0"]
[WhiteElo "2313"]
[BlackElo "2076"]
[PlyCount "73"]
[EventDate "2003.02.16"]

1. d4 Nf6 2. Nf3 e6 3. g3 c5 4. Bg2 Nc6 5. O-O a6 6. c4 cxd4 7. Nxd4 Qc7 8. Nc2 Bc5 9. Nc3 d6 10. Rb1 Ba7 11. Be3 Ne5 12. Bxa7 Rxa7 13. Qd4 Qc5 14. b3 Bd7 15. Rfd1 Ke7 16. f4 Qxd4+ 17. Rxd4 Nc6 18. Rd2 Rb8 19. Rbd1 b5 20. Rxd6 Na5 21. cxb5 Rc7 22. Ne4 Rxc2 23. Nxf6 Bxb5 24. Ne4 Rxe2 {(=)} 25. Nc3 Rc2 26. Nxb5 axb5 27. Ra6 Nc4 28. bxc4 bxc4 29. Ra7+ Kf6 30. Be4 Re2 31. Bf3 Re3 32. Kf2 Rc3 33. g4 Rb2+ 34. Kg3 Re3 35. Rdd7 c3 36. Rxf7+ Kg6 37. Rxg7+ 1-0

[Event "Jersey Open 2003"]
[Site "Jersey JCI"]
[Date "2003.02.21"]
[Round "6"]
[White "Brameld, Arthur F"]
[Black "Durant, Nicholas"]
[Result "1-0"]
[WhiteElo "2076"]
[BlackElo "1400"]
[PlyCount "51"]
[EventDate "2003.02.16"]

1. e4 a6 2. d4 b5 3. Nf3 Bb7 4. Bd3 e6 5. O-O Be7 6. Qe2 Nf6 7. a4 b4 8. c4 bxc3 9. bxc3 d5 10. e5 Nfd7 11. Be3 c5 12. Na3 c4 13. Bc2 Nc6 14. g3 Na5 15. Nd2 Bc6 16. f4 Nb6 17. f5 Nxa4 18. fxe6 fxe6 19. Qh5+ Kd7 20. Rf7 Kc8 21. Qg4 Bxa3 22. Rxa3 Nb2 23. Qxe6+ Bd7 24. Qxd5 Nb7 25. Bf5 Ra7 26. Rxd7 1-0

[Event "Jersey Open 2003"]
[Site "Jersey JCI"]
[Date "2003.02.22"]
[Round "7"]
[White "Goater, Kevin"]
[Black "Brameld, Arthur F"]
[Result "1/2-1/2"]
[WhiteElo "2016"]
[BlackElo "2076"]
[PlyCount "19"]
[EventDate "2003.02.16"]

1. f4 d5 2. e3 Nh6 3. Nf3 g6 4. Be2 Bg7 5. O-O O-O 6. d3 c5 7. Qe1 Nc6 8. Nc3 d4 9. Ne4 Nf5 10. exd4 (10. exd4 cxd4 $15) 1/2-1/2

[Event "4NCL-Div1/WES1-NWE2"]
[Site "West Bromwich ENG"]
[Date "2003.??.??"]
[Round "1.7"]
[White "Brameld, Arthur F"]
[Black "Savory, Richard J"]
[Result "1-0"]
[WhiteElo "2079"]
[BlackElo "2096"]
[PlyCount "125"]
[EventDate "2003.??.??"]

1. e4 c5 2. Nf3 d6 3. c3 Nf6 4. Be2 g6 5. O-O Bg7 6. Re1 O-O 7. Bf1 Nc6 8. h3 e5 9. d4 Qc7 10. d5 Ne7 11. c4 (11. Nxe5 $142 dxe5 12. d6 Qd8 13. dxe7 Qxe7 14. Bg5 h6 15. Bh4 Rd8 16. Qf3 b6 17. c4 Bb7 18. Nc3 Rd7 19. Rad1 Rad8 20. Nd5 Bxd5 21. exd5 e4 22. Qe2) 11... Ne8 12. Nc3 f5 13. exf5 Nxf5 14. Ne4 Nf6 15. a4 Nxe4 16. Rxe4 Bd7 17. g4 Nh6 18. Ra3 Nf7 19. Bg2 Rae8 20. b3 Qd8 21. Ra2 Bh6 22. Rae2 Bxc1 23. Qxc1 g5 24. Qe3 Kg7 25. Ne1 Nh8 26. Nd3 Ng6 27. Qd2 b6 28. R2e3 Rh8 29. Qe2 Nf4 30. Nxf4 gxf4 31. Rd3 Qg5 32. f3 Kf7 33. Qf2 Reg8 34. h4 Qf6 35. Re1 Rg6 36. Kf1 Qd8 37. h5 Rg5 38. Ke2 h6 39. Rh1 Re8 40. Kd2 Rgg8 41. Kc1 Qf6 42. Kc2 a6 43. Bh3 Qg5 44. Re1 b5 45. axb5 axb5 46. Ra1 Ra8 47. Qe1 Rgb8 48. cxb5 Bxb5 49. Rdd1 Qg8 50. Qe4 Bd7 51. Bf1 Qg7 52. Bd3 Ke7 53. Rh1 Rb4 $2 {(=)} 54. Rxa8 Rxe4 55. Bxe4 Kf6 56. Kc3 Bb5 57. Rha1 Kg5 58. R1a7 Qf6 59. Rb8 Be2 60. Kd2 $2 Bf1 (60... Bxf3 61. Rg8+ Kh4 62. Rg6 Qd8 63. Bxf3 Qb6 {(MJY)}) 61. Ke1 Bh3 62. Kf2 Kh4 63. Rg8 1-0

[Event "Itl Open"]
[Site "Curacao NLD ANT"]
[Date "2003.??.??"]
[Round "1"]
[White "Brameld, Arthur F"]
[Black "Van der Weide, Karel"]
[Result "0-1"]
[WhiteElo "2079"]
[BlackElo "2427"]
[PlyCount "80"]
[EventDate "2003.??.??"]

1. e4 c5 2. Nf3 e6 3. d3 Nc6 4. g3 d5 5. Nbd2 Nge7 6. Bg2 g6 7. O-O Bg7 8. Nh4 O-O 9. f4 f5 10. Re1 Rb8 11. Kh1 b5 12. exf5 exf5 13. Ndf3 Qd6 14. Rb1 Bd7 15. Qe2 Rbe8 16. Ne5 Nxe5 17. fxe5 Qb6 18. Bg5 d4 19. Bf3 (19. e6 $5) 19... Be6 20. Rbd1 $6 (20. a3) 20... Nc6 21. Bf6 Bf7 22. Bxg7 Kxg7 23. Bxc6 Qxc6+ 24. Kg1 Re7 25. Qd2 Rfe8 26. Qf4 Qd5 27. Nf3 Qxa2 28. Ra1 Qe6 29. Ng5 Qd5 30. Ra6 h6 31. Nxf7 $2 (31. Nf3 $142 $1) 31... Qxf7 32. Rf6 Qd5 33. Rd6 $2 (33. Ra6) 33... Qxd6 34. exd6 Rxe1+ 35. Kg2 Rd8 36. Qf3 $2 (36. Qd2 Re6 37. Qa5) 36... Rxd6 37. Qb7+ Kf6 38. Kf2 $2 (38. Qxb5 Re2+ 39. Kf1 Rxc2 40. Qe8 Rxh2 41. Qf8+ Ke6 42. Qe8+ Kd5 43. Qa8+ Ke5 44. Qe8+ $11) 38... Rde6 39. Kg2 g5 40. g4 fxg4 0-1

[Event "Itl Open"]
[Site "Curacao NLD ANT"]
[Date "2003.??.??"]
[Round "2"]
[White "Crompvoets, Han"]
[Black "Brameld, Arthur F"]
[Result "0-1"]
[WhiteElo "1550"]
[BlackElo "2079"]
[PlyCount "79"]
[EventDate "2003.??.??"]

1. d4 c5 2. e3 Nf6 3. Nf3 e6 4. c4 b6 5. Nc3 Bb7 6. Bd3 Nc6 7. a3 d5 8. cxd5 Nxd5 9. Bb5 a6 10. Bxc6+ Bxc6 11. O-O Bd6 12. Re1 f5 13. g3 Ra7 14. e4 Nxc3 15. bxc3 fxe4 16. Ng5 Be7 17. Nxe6 Qd5 18. Nf4 Qf5 19. Qb3 b5 20. Ne6 Bd6 21. Nxc5 Rf7 22. Be3 h5 $2 (22... Bd5 {then ....h5}) 23. Qe6+ Qxe6 24. Nxe6 h4 25. Ng5 Re7 26. Re2 a5 27. Kg2 hxg3 28. fxg3 a4 29. Nh3 Bd5 30. Rf2 Rc7 31. Rc2 O-O 32. Ng5 Rfc8 33. c4 Rxc4 34. Rxc4 Rxc4 35. Rb1 Rc2+ 36. Kg1 Bb3 37. Nxe4 Bxa3 38. Bf4 Bb2 39. Bd6 Bxd4+ 40. Kf1 0-1